000 00616nam a2200205Ia 4500
003 GCL
008 140319s9999 xx 000 0 ara d
040 _aGCL /
_cGCL
082 0 4 _a928.1
_bب ش
100 1 _aمحمود سعيد عمران
245 1 0 _aشاعر الطيارة فوزى معلوف /
_cمحمود سعيد عمران
700 1 _aالبدوى الملثم
260 _a[S.N] :
_bدار المعارف
300 _a133 ص
490 _a
650 0 4 _aالتراجم الادبية
650 0 4 _aالشعراء - تراجم
650 0 4 _aفوزى معلوف , تراجم
942 _2ddc
_cBK
999 _c37310
_d37310